Statistics for Singaporean Food :1

Click here to take the quiz!

General Stats

  • This quiz has been taken 30 times
  • The average score is 5 of 10

Answer Stats

Answers% Correct
Chicken Rice
93%
Nasi Lemak
82%
Laksa
68%
Satay
64%
Roti Prata
50%
Char Kway Teow
46%
Chili Crab
43%
Fish Head Curry
21%
Mee Rebus
21%
Nasi Briyani
18%

Score Distribution

Percentile by Number Answered

Percent of People with Each Score

Your Score History

You have not taken this quiz